Normal view
MARC view
- Hemingway, Andrew
Entry Personal Name
001 - CONTROL NUMBER
- control field: 121403
003 - CONTROL NUMBER IDENTIFIER
- control field: NUST
005 - DATE AND TIME OF LATEST TRANSACTION
- control field: 20240227102533.0
008 - FIXED-LENGTH DATA ELEMENTS
- fixed length control field: 240227|| aca||aabn | a|a d
040 ## - CATALOGING SOURCE
- Original cataloging agency: NUST
- Transcribing agency: NUST
100 ## - HEADING--PERSONAL NAME
- Personal name: Hemingway, Andrew
670 ## - SOURCE DATA FOUND
- Source citation: Work cat.: (NUST): Hemingway, Andrew, The Norwich school of painters, 1803-1833/, 1979
